Presidents with Airports Named After Them 🛫 - Statistics

General Stats
  • This quiz has been taken 160 times
  • The average score is 6 of 8
Answer Stats
President % Correct
John F. Kennedy
98%
Ronald Reagan
83%
George H. W. Bush
82%
Abraham Lincoln
75%
Theodore Roosevelt
71%
Bill Clinton
68%
Dwight D. Eisenhower
60%
Gerald Ford
57%
No matching quizzes found
Score Distribution
Percent of People with Each Score
Percentile by Number Answered
Your Score History
You have not taken this quiz